000 00484nam a2200205Ia 4500
003 OSt
005 20250829163724.0
008 210210b2010 xxu||||| |||| 00| 0 eng d
020 _a0195699386
040 _cAL
041 _aeng
082 _a070.4 RAMW
100 _aUsha Raman
_9237844
245 _aWriting for the media
260 _aNew Delhi
_bOxford University Press
_c2010
300 _axv,400p
690 _aJournalism
_9237849
906 _a065337
942 _2ddc
_cBK
999 _c143149
_d143149